000 00685nam a22002297a 4500
005 20251108171738.0
008 250721s2001 xx 000 0 ara d
082 1 4 _a005.74/نقر
100 1 _aالنقري، مهيب
245 1 0 _aتعلم برنامج إدارة قواعد البيانات /
246 1 1 _am.s.access 2000
250 _aط2
264 1 _aدمشق :
_bدار الرضا للنشر،
_c2001.
300 _a280ص
490 0 _aسلسلة الرضا للمعلومات
_v27
650 1 7 _aالحواسيب
650 1 7 _aقواعد البيانات
650 1 7 _aالبرمجيات
700 1 _aكمرجي، زياد
942 _2ddc
_cBK
999 _c61431
_d61431